Psicología política latinoamericana

Wedi'i Gadw mewn:
Manylion Llyfryddiaeth
Prif Awdur: Codo, Wanderley (Awdur)
Awduron Eraill: Montero, Maritza (autora)
Fformat: Llyfr
Iaith:Sbaeneg
Cyhoeddwyd: Caracas Panapo 1987
Pynciau:
Tagiau: Ychwanegu Tag
Dim Tagiau, Byddwch y cyntaf i dagio'r cofnod hwn!

MARC

LEADER 00000nam a2200000 a 4500
001 UCY0729
003 CL-VaPUC
008 940811e19870000VE |||||||||||||||||spa|d
082 0 4 |a 320.019  |b COD  |2 21 
100 0 |a Codo, Wanderley  |e author  |9 328538 
700 |a Montero, Maritza  |e autora  |9 536668 
245 1 0 |a Psicología política latinoamericana 
300 |a 407 p 
942 |c BK 
945 |d 19940811 00:00:00  |a rbrito 
260 |a Caracas  |b Panapo  |c 1987 
650 7 |a PSICOLOGIA POLITICA  |2 CL-VaPUC  |9 317476 
650 0 |a Condiciones sociales   |9 257278 
651 0 |a América Latina   |9 255027 
583 |a last modification  |c 19940811 00:00:00  |k Rodrigo Vera 
999 |c 229655  |d 229653 
952 |0 0  |1 0  |4 0  |6 320_019000000000000_COD_1987  |7 0  |8 A  |9 231069  |a BIBEDU  |b BIBEDU  |d 2019-11-15  |i 3001156  |o 320.019 COD 1987  |p 3001156  |r 2019-11-15  |w 2019-11-15  |y BK  |k EDU